000
00331nam a22001337a 4500
008
181017b xxu||||| |||| 00| 0 eng d
020
_a
9780471433408
041
_a
eng
080
_a
510
100
_a
36
101
_a
MAT
245
_a
Elementary Differential Equations and Boundary Value Problems
_c
Boyce,W.E
942
_2
udc
_c
BK
999
_c
50023
_d
50023